[Event "Mersin op 6th"]
[Site "Mersin"]
[Date "2022.09.05"]
[Round "2"]
[White "Kocak, Can"]
[Black "Mohannad, Farhan"]
[Result "1-0"]
[WhiteElo "2061"]
[BlackElo "2145"]
[PlyCount "115"]
[EventDate "2022.09.04"]
[EventType "swiss"]
[EventRounds "9"]
[EventCountry "TUR"]
[SourceTitle "CBM 210 Extra"]
[Source "ChessBase"]
[SourceDate "2022.11.30"]
[SourceVersion "1"]
[SourceVersionDate "2022.11.30"]
[SourceQuality "1"]

1. d4 Nf6 2. c4 e6 3. Nf3 d5 4. Nc3 Be7 5. Bf4 dxc4 6. e3 Nd5 7. Bxc4 Nxf4 8. exf4 0-0 9. 0-0 Nd7 10. Re1 Nb6 11. Bd3 c6 12. Ne5 g6 13. Qg4 Bf6 14. Rad1 Bg7 15. h4 Nd5 16. h5 Nf6 17. Qf3 Nxh5 18. g4 Nf6 19. Kg2 Nd5 20. Rh1 h6 21. Rh2 Qf6 22. Kg3 g5 23. fxg5 Qxg5 24. Rh5 Qf6 25. Qe4 Rd8 26. Rdh1 Kf8 27. f4 c5 28. g5 hxg5 29. fxg5 Qf5 30. Qxf5 exf5 31. Rh8+ Bxh8 32. Rxh8+ Ke7 33. Rxd8 Nxc3 34. Rh8 Ne4+ 35. Bxe4 fxe4 36. dxc5 e3 37. Nc4 b5 38. cxb6 axb6 39. Nxb6 Rxa2 40. Nxc8+ Ke6 41. b3 e2 42. Kf2 Rb2 43. Re8+ Kf5 44. Re3 Kxg5 45. Nd6 f5 46. Nc4 Rb1 47. Kxe2 f4 48. Rf3 Kf5 49. Nd2 Ra1 50. Kd3 Ra8 51. Kc2 Kg4 52. Rf1 Rc8+ 53. Kd3 Rd8+ 54. Kc3 Rc8+ 55. Nc4 Kg3 56. Kd3 Rd8+ 57. Ke4 Rf8 58. Ne5 1-0

[Event "TUR-chT 2nd League"]
[Site "Konya"]
[Date "2022.08.28"]
[Round "9.1"]
[White "Sakir, Ridvan"]
[Black "Kocak, Can"]
[Result "1/2-1/2"]
[WhiteElo "2270"]
[BlackElo "2038"]
[PlyCount "128"]
[EventDate "2022.08.22"]
[EventType "team-swiss"]
[EventRounds "9"]
[EventCountry "TUR"]
[SourceTitle "CBM 210 Extra"]
[Source "ChessBase"]
[SourceDate "2022.11.30"]
[SourceVersion "1"]
[SourceVersionDate "2022.11.30"]
[SourceQuality "1"]
[WhiteTeam "Seyhan Belediye"]
[BlackTeam "Eskiseh Tasci"]
[WhiteTeamCountry "TUR"]
[BlackTeamCountry "TUR"]

1. e4 c5 2. Nf3 Nc6 3. d4 cxd4 4. Nxd4 Nf6 5. Nc3 e5 6. Ndb5 d6 7. Bg5 a6 8. Na3 b5 9. Nd5 Be7 10. Bxf6 Bxf6 11. c4 b4 12. Nc2 a5 13. Be2 0-0 14. 0-0 Bg5 15. Qd3 Kh8 16. Bf3 Be6 17. Rad1 Qb8 18. g3 Qa7 19. b3 Rad8 20. Kg2 g6 21. h4 Bh6 22. Qe2 Ne7 23. Nce3 Bxe3 24. Qxe3 Qxe3 25. Nxe3 Nc6 26. Nc2 Kg7 27. Rd3 Kf6 28. Rfd1 Ke7 29. Kg1 Rd7 30. Bg2 Ra8 31. f4 f6 32. Kf2 a4 33. Ke3 axb3 34. axb3 Ra2 35. R1d2 Rda7 36. Bf3 Rd7 37. f5 Bg8 38. g4 g5 39. hxg5 fxg5 40. Bd1 Rd8 41. Bf3 Rd7 42. c5 Nd4 43. Nxd4 exd4+ 44. Rxd4 Rxd2 45. cxd6+ Rxd6 46. Rxd2 Rxd2 47. Kxd2 Bxb3 48. e5 Bc4 49. Ke3 b3 50. Kd2 b2 51. Kc2 h5 52. gxh5 b1Q+ 53. Kxb1 Bd3+ 54. Kb2 Bxf5 55. Kc3 g4 56. Bg2 Kf8 57. Kd4 Kg7 58. Ke3 Kh6 59. Be4 Bxe4 60. Kxe4 g3 61. Kf3 Kxh5 62. e6 Kg6 63. e7 Kf7 64. Kxg3 Kxe7 1/2-1/2

[Event "TUR-chT 2nd League"]
[Site "Konya"]
[Date "2022.08.25"]
[Round "5.9"]
[White "Avcul, Tugrahan"]
[Black "Kocak, Can"]
[Result "0-1"]
[WhiteElo "1301"]
[BlackElo "2038"]
[PlyCount "86"]
[EventDate "2022.08.22"]
[EventType "team-swiss"]
[EventRounds "9"]
[EventCountry "TUR"]
[SourceTitle "CBM 210 Extra"]
[Source "ChessBase"]
[SourceDate "2022.11.30"]
[SourceVersion "1"]
[SourceVersionDate "2022.11.30"]
[SourceQuality "1"]
[WhiteTeam "Corum Belediye"]
[BlackTeam "Eskiseh Tasci"]
[WhiteTeamCountry "TUR"]
[BlackTeamCountry "TUR"]

1. e4 c5 2. c3 d5 3. exd5 Qxd5 4. d4 Nc6 5. Nf3 g6 6. Na3 Bg4 7. Be2 cxd4 8. cxd4 Bg7 9. Be3 Nf6 10. h3 Bf5 11. Bc4 Qa5+ 12. Bd2 Qb6 13. Bc3 0-0 14. 0-0 Rfd8 15. Qb3 Qxb3 16. Bxb3 Be4 17. Ng5 Bd5 18. Bxd5 Rxd5 19. Nf3 Rad8 20. Nc2 e6 21. Rfe1 R5d7 22. Bd2 Nd5 23. a3 h6 24. Ne5 Nxe5 25. dxe5 Nb6 26. Bc3 Na4 27. Bd4 Rxd4 28. Nxd4 Rxd4 29. Rac1 Rd7 30. Rc2 g5 31. g3 Kh7 32. Re3 Kg6 33. f4 Nb6 34. Kf2 Rd4 35. Kf3 Nd5 36. Re4 Rd3+ 37. Kf2 gxf4 38. gxf4 Rxh3 39. Kg1 Kf5 40. Ra4 Nxf4 41. Rxa7 Bxe5 42. Rxb7 Bd4+ 43. Rf2 Rf3 0-1

[Event "TUR-chT 2nd League"]
[Site "Konya"]
[Date "2022.08.23"]
[Round "3.6"]
[White "Kocak, Can"]
[Black "Kayan, Veli"]
[Result "1/2-1/2"]
[WhiteElo "2038"]
[BlackElo "1856"]
[PlyCount "157"]
[EventDate "2022.08.22"]
[EventType "team-swiss"]
[EventRounds "9"]
[EventCountry "TUR"]
[SourceTitle "CBM 210 Extra"]
[Source "ChessBase"]
[SourceDate "2022.11.30"]
[SourceVersion "1"]
[SourceVersionDate "2022.11.30"]
[SourceQuality "1"]
[WhiteTeam "Eskiseh Tasci"]
[BlackTeam "Cigli Batubey"]
[WhiteTeamCountry "TUR"]
[BlackTeamCountry "TUR"]

1. e4 c5 2. Nf3 d6 3. c4 Nc6 4. d4 Nf6 5. Nc3 Bg4 6. d5 Nd4 7. Be3 Bxf3 8. gxf3 g6 9. Bxd4 cxd4 10. Qxd4 Bg7 11. Be2 Nh5 12. Qe3 Be5 13. h4 Nf4 14. Rg1 h5 15. Bd1 0-0 16. Ne2 Nxe2 17. Bxe2 Qb6 18. Rb1 Bd4 19. Qg5 Bxf2+ 20. Kd2 Bxg1 21. Qxg1 Qxg1 22. Rxg1 Kh7 23. f4 Rg8 24. Ke3 Kh6 25. Kd4 b6 26. Rg3 Rac8 27. Re3 f6 28. Rh3 Rgf8 29. Rg3 Rf7 30. Bd1 Rg8 31. Rh3 Rh8 32. Be2 Rhf8 33. Bd1 Rh7 34. Be2 Kg7 35. Rg3 Kf7 36. Bd3 Rg7 37. Be2 Rh8 38. Rf3 Kg8 39. Ra3 g5 40. fxg5 fxg5 41. hxg5 h4 42. Bg4 Rxg5 43. Be6+ Kg7 44. Rxa7 Kf6 45. Ra6 Rb8 46. Ke3 h3 47. Bxh3 Rg3+ 48. Kd4 Rxh3 49. b4 Rh1 50. c5 Rd1+ 51. Ke3 bxc5 52. bxc5 Rd8 53. c6 Ke5 54. Ra4 Rc1 55. Rb4 Rc3+ 56. Kd2 Ra3 57. Rc4 Rxa2+ 58. Kc3 Re2 59. Kd3 Rh2 60. Rc1 Rh3+ 61. Kc4 Re3 62. c7 Rxe4+ 63. Kb5 Rc8 64. Kc6 Rxc7+ 65. Kxc7 Kxd5 66. Kd7 Kd4 67. Rd1+ Kc5 68. Rc1+ Kd5 69. Rb1 Kd4 70. Rd1+ Kc5 71. Rc1+ Rc4 72. Rd1 e5 73. Ke6 Rd4 74. Rc1+ Kb4 75. Kf5 Rc4 76. Rd1 Rd4 77. Rc1 Kb3 78. Rc6 Kb4 79. Rc1 1/2-1/2

[Event "TUR-chT 2nd League"]
[Site "Konya"]
[Date "2022.08.23"]
[Round "2.8"]
[White "Sungu, Yagiz Kaan"]
[Black "Kocak, Can"]
[Result "0-1"]
[WhiteElo "1679"]
[BlackElo "2038"]
[PlyCount "69"]
[EventDate "2022.08.22"]
[EventType "team-swiss"]
[EventRounds "9"]
[EventCountry "TUR"]
[SourceTitle "CBM 210 Extra"]
[Source "ChessBase"]
[SourceDate "2022.11.30"]
[SourceVersion "1"]
[SourceVersionDate "2022.11.30"]
[SourceQuality "1"]
[WhiteTeam "Calli Spor"]
[BlackTeam "Eskiseh Tasci"]
[WhiteTeamCountry "TUR"]
[BlackTeamCountry "TUR"]

1. e4 d6 2. d4 g6 3. Nc3 Nf6 4. Be3 c6 5. Qd2 b5 6. f3 Nbd7 7. d5 cxd5 8. Nxd5 a6 9. a4 bxa4 10. Rxa4 Bb7 11. Bc4 Bg7 12. Ne2 Nxd5 13. Bxd5 Bxd5 14. Qxd5 0-0 15. Ra2 Qc7 16. c3 Nb6 17. Qa5 Rfb8 18. Kf2 Qc6 19. b3 Nd7 20. Rb1 Ne5 21. Nd4 Qc8 22. Raa1 h5 23. h3 Bf6 24. Ke2 Nd7 25. c4 Nc5 26. b4 Nxe4 27. Kd3 Ng3 28. Bf2 Bxd4 29. Bxd4 Nf5 30. g4 Nxd4 31. Kxd4 Qc6 32. Qd5 Qb6+ 33. Ke4 e6 34. Qd4 d5+ 35. cxd5 0-1

[Event "Ankara Baskent Univ op-A 5th"]
[Site "Ankara"]
[Date "2022.07.06"]
[Round "8"]
[White "Kocak, Can"]
[Black "Cevizci, Yusuf Baran"]
[Result "1/2-1/2"]
[WhiteElo "2057"]
[BlackElo "2144"]
[PlyCount "130"]
[EventDate "2022.07.02"]
[EventType "swiss"]
[EventRounds "9"]
[EventCountry "TUR"]
[SourceTitle "CBM 209 Extra"]
[Source "ChessBase"]
[SourceDate "2022.09.30"]
[SourceVersion "1"]
[SourceVersionDate "2022.09.30"]
[SourceQuality "1"]

1. e4 e6 2. d4 d5 3. Nd2 Be7 4. e5 c5 5. Qg4 Kf8 6. dxc5 Nd7 7. Ngf3 f6 8. exf6 Ndxf6 9. Qa4 Bxc5 10. Nb3 Bd6 11. Bd2 Ne7 12. Bb5 a6 13. 0-0 e5 14. Rfe1 Bg4 15. Nxe5 axb5 16. Qxb5 Bxe5 17. Rxe5 Qd7 18. Qxd7 Nxd7 19. Rg5 Ra4 20. Bc3 Nf6 21. Nc5 Rc4 22. Nxb7 h6 23. Re5 Ng6 24. Ree1 d4 25. Na5 Rc8 26. Bxd4 Rxc2 27. h3 Bd7 28. Rad1 Bb5 29. Nb3 Kf7 30. Bc3 Nf4 31. Nd4 Ne2+ 32. Nxe2 Rxe2 33. Rxe2 Bxe2 34. Rd6 Ra8 35. a3 Ne4 36. Rd7+ Ke8 37. Rxg7 Ra6 38. Bb4 Re6 39. Ra7 Nf6 40. a4 Nd5 41. Bc5 Ra6 42. Rxa6 Bxa6 43. Kh2 Kf7 44. Kg3 Kg6 45. b4 Nc3 46. a5 Kf5 47. f3 h5 48. Kh4 Kg6 49. g4 hxg4 50. hxg4 Nd5 51. Kg3 Kg5 52. f4+ Kf6 53. Kf3 Bb7 54. Kg3 Ba6 55. f5 Kg5 56. Bd6 Be2 57. Bc5 Bxg4 58. a6 Be2 59. a7 Nc7 60. Bd6 Na8 61. Kf2 Ba6 62. Ke3 Kxf5 63. Kd4 Bb7 64. Kc5 Ke6 65. b5 Kd7 1/2-1/2

[Event "TUR-chT 1st League"]
[Site "Konya"]
[Date "2019.07.24"]
[Round "4.10"]
[White "Tarhan, Adar"]
[Black "Kocak, Can"]
[Result "0-1"]
[WhiteElo "1972"]
[BlackElo "2068"]
[PlyCount "108"]
[EventDate "2019.07.22"]
[EventType "team-swiss"]
[EventRounds "9"]
[EventCountry "TUR"]
[SourceTitle "CBM 191 Extra"]
[Source "ChessBase"]
[SourceDate "2019.09.30"]
[SourceVersion "1"]
[SourceVersionDate "2019.09.30"]
[SourceQuality "1"]
[WhiteTeam "Istanbul Teknik Uni"]
[BlackTeam "Aydin Egitim Merkezi"]
[WhiteTeamCountry "TUR"]
[BlackTeamCountry "TUR"]

1. e4 d6 2. d4 Nf6 3. Nc3 g6 4. Nf3 Bg7 5. Be2 0-0 6. 0-0 c6 7. Re1 Qc7 8. h3 Nbd7 9. a3 e5 10. dxe5 dxe5 11. Be3 Rd8 12. Qb1 b5 13. Qa2 Nb6 14. Rad1 Be6 15. Qb1 h6 16. Qc1 Kh7 17. Bf1 Rxd1 18. Rxd1 Nfd7 19. Ne1 a5 20. Nd3 Bf8 21. f3 b4 22. axb4 axb4 23. Ne2 c5 24. f4 f6 25. Ng3 Bf7 26. f5 g5 27. Be2 Nc4 28. Bf2 Nd6 29. Qe3 Nc4 30. Qc1 Be7 31. Re1 Na5 32. Qd1 c4 33. Nc1 Nc6 34. Bh5 Bg8 35. Bg6+ Kg7 36. Nf1 Nc5 37. Ne3 Nxe4 38. Nd5 Nxf2 39. Nxc7 Nxd1 40. Nxa8 Nxb2 41. Nc7 Nd4 42. Bh5 Nxc2 43. Re2 b3 44. Rd2 Nd3 45. Nxd3 cxd3 46. Rxd3 Nd4 47. g4 Bd8 48. Ne8+ Kf8 49. Kf2 Ke7 50. Ke3 Bc4 51. Rd1 Bb5 52. Ng7 Ba5 53. Ne6 Nxe6 54. fxe6 Bc3 0-1

[Event "TUR Cup"]
[Site "Antalya"]
[Date "2019.02.01"]
[Round "9"]
[White "Kilic, Efe Mert"]
[Black "Kocak, Can"]
[Result "1/2-1/2"]
[WhiteElo "2241"]
[BlackElo "1994"]
[PlyCount "92"]
[EventDate "2019.01.27"]
[EventType "swiss"]
[EventRounds "11"]
[EventCountry "TUR"]
[SourceTitle "CBM 188 Extra"]
[Source "ChessBase"]
[SourceDate "2019.02.26"]
[SourceVersion "1"]
[SourceVersionDate "2019.02.26"]
[SourceQuality "1"]

1. e4 d6 2. d4 Nf6 3. Nc3 g6 4. Bg5 Bg7 5. Qd2 h6 6. Bh4 c6 7. 0-0-0 b5 8. Bd3 Na6 9. Nce2 Qb6 10. f4 Bb7 11. Bxf6 Bxf6 12. e5 Bg7 13. e6 f5 14. Nf3 Bf6 15. c3 Nc7 16. g4 c5 17. Rhf1 Bxf3 18. Rxf3 cxd4 19. gxf5 Qc6 20. Rg3 b4 21. c4 gxf5 22. Qc2 0-0-0 23. Bxf5 Qc5 24. Be4 Kb8 25. a3 a5 26. axb4 axb4 27. f5 d5 28. cxd5 Qxc2+ 29. Bxc2 Rxd5 30. Rb3 Na6 31. Bd3 Ka7 32. Kd2 Rb8 33. Ra1 Rb6 34. Ng3 Bg5+ 35. Kd1 Bf4 36. Ra4 Re5 37. Bxa6 Rxa6 38. Rbxb4 Bxg3 39. hxg3 Rxf5 40. Rxd4 Rxa4 41. Rxa4+ Kb6 42. Re4 Rf3 43. Rg4 Rf6 44. Re4 Rf3 45. Rg4 Rf6 46. Re4 Rf3 1/2-1/2

[Event "TUR Cup"]
[Site "Antalya"]
[Date "2019.01.31"]
[Round "7"]
[White "Baylav, Bartu"]
[Black "Kocak, Can"]
[Result "0-1"]
[WhiteElo "1784"]
[BlackElo "1994"]
[PlyCount "60"]
[EventDate "2019.01.27"]
[EventType "swiss"]
[EventRounds "11"]
[EventCountry "TUR"]
[SourceTitle "CBM 188 Extra"]
[Source "ChessBase"]
[SourceDate "2019.02.26"]
[SourceVersion "1"]
[SourceVersionDate "2019.02.26"]
[SourceQuality "1"]

1. d4 d6 2. Nc3 g6 3. f3 Nf6 4. Bg5 Bg7 5. Qd2 h6 6. Be3 Nc6 7. 0-0-0 e5 8. d5 Ne7 9. Bf2 a6 10. e4 b5 11. h4 Nd7 12. g4 Nb6 13. Nh3 Bd7 14. g5 Qb8 15. Be3 h5 16. Nf2 b4 17. Nb1 a5 18. f4 exf4 19. Bd4 Be5 20. Bh3 Bb5 21. Bxb6 Qxb6 22. Nd3 Bd4 23. Qe2 a4 24. Nd2 b3 25. axb3 axb3 26. Nxb3 Be3+ 27. Kb1 Qa7 28. c3 Qa2+ 29. Kc2 Ba4 30. Bd7+ Kxd7 0-1

[Event "TUR Cup"]
[Site "Antalya"]
[Date "2019.01.29"]
[Round "4"]
[White "Kocak, Can"]
[Black "Gulbeyaz, Emir"]
[Result "0-1"]
[WhiteElo "1994"]
[BlackElo "2179"]
[PlyCount "128"]
[EventDate "2019.01.27"]
[EventType "swiss"]
[EventRounds "11"]
[EventCountry "TUR"]
[SourceTitle "CBM 188 Extra"]
[Source "ChessBase"]
[SourceDate "2019.02.26"]
[SourceVersion "1"]
[SourceVersionDate "2019.02.26"]
[SourceQuality "1"]

1. e4 d6 2. d4 Nf6 3. Nc3 e5 4. Nf3 Nbd7 5. Bc4 Be7 6. 0-0 0-0 7. Re1 c6 8. a4 a5 9. h3 Qc7 10. Be3 exd4 11. Nxd4 Nc5 12. Qf3 Re8 13. Nf5 Be6 14. Bxc5 dxc5 15. Bxe6 fxe6 16. Ne3 Rf8 17. Qe2 Bd6 18. Nc4 Bh2+ 19. Kh1 Be5 20. Nxe5 Qxe5 21. Rad1 Rad8 22. g3 g5 23. Rxd8 Rxd8 24. Qe3 g4 25. Qh6 Rd4 26. Kg2 gxh3+ 27. Kxh3 Nxe4 28. Nxe4 Rxe4 29. Rxe4 Qxe4 30. Qg5+ Kf7 31. Qxc5 Kg6 32. Kh2 Qxa4 33. Qe7 Qe4 34. Qe8+ Kg5 35. Qd8+ Kg4 36. Qxa5 Qxc2 37. Qb4+ Kf3 38. Qf4+ Ke2 39. Kg2 Kd1 40. Qd6+ Kc1 41. b4 Qe4+ 42. Kh2 b5 43. Qc5+ Kd2 44. Kg1 e5 45. Kh2 Ke2 46. Kg1 h5 47. Qc3 Qb1+ 48. Kh2 Kxf2 49. Qc5+ Kf3 50. Qxc6+ e4 51. Qf6+ Ke2 52. Qf5 Qd3 53. Qxh5+ Kf2 54. Qf7+ Qf3 55. Qa2+ Qe2 56. Qf7+ Ke1+ 57. Kg1 e3 58. Qb3 Qf2+ 59. Kh1 Qf3+ 60. Kg1 Qxg3+ 61. Kh1 Qf3+ 62. Kg1 Qg4+ 63. Kh1 Kf2 64. Qa2+ Qe2 0-1

[Event "Troya op 26th"]
[Site "Canakkale"]
[Date "2018.08.08"]
[Round "4"]
[White "Guseynov, Alihan"]
[Black "Kocak, Can"]
[Result "1/2-1/2"]
[WhiteElo "2329"]
[BlackElo "2001"]
[PlyCount "79"]
[EventDate "2018.08.06"]
[EventType "swiss"]
[EventRounds "9"]
[EventCountry "TUR"]
[SourceTitle "CBM 185 Extra"]
[Source "ChessBase"]
[SourceDate "2018.07.29"]
[SourceVersion "1"]
[SourceVersionDate "2018.07.29"]
[SourceQuality "1"]

1. d4 d6 2. Nf3 Nf6 3. g3 g6 4. Bg2 Bg7 5. 0-0 0-0 6. c4 Nbd7 7. Nc3 e5 8. e4 exd4 9. Nxd4 Nc5 10. h3 c6 11. Be3 Re8 12. Qc2 Qe7 13. Rfe1 Be6 14. b3 a5 15. Rad1 Qc7 16. Ndb5 cxb5 17. Nxb5 Qe7 18. Nxd6 Nfd7 19. Nxe8 Rxe8 20. f4 f5 21. e5 Ne4 22. Bxe4 fxe4 23. Kh2 Nc5 24. Bxc5 Qxc5 25. Qxe4 Qb6 26. Qd4 Qc6 27. Qe4 Qb6 28. Rf1 a4 29. Rd6 Qb4 30. Qe3 Qa3 31. Rb6 Bxc4 32. Rf2 Bd5 33. Qd4 Bc6 34. Qc4+ Kh8 35. bxa4 Qe3 36. Rbb2 Bf8 37. Rbe2 Qb6 38. Rb2 Qe3 39. Rbe2 Qb6 40. Rb2 1/2-1/2

[Event "Troya op 26th"]
[Site "Canakkale"]
[Date "2018.08.08"]
[Round "5"]
[White "Kocak, Can"]
[Black "Ozen, Bahadir"]
[Result "0-1"]
[WhiteElo "2001"]
[BlackElo "2302"]
[PlyCount "80"]
[EventDate "2018.08.06"]
[EventType "swiss"]
[EventRounds "9"]
[EventCountry "TUR"]
[SourceTitle "CBM 185 Extra"]
[Source "ChessBase"]
[SourceDate "2018.07.29"]
[SourceVersion "1"]
[SourceVersionDate "2018.07.29"]
[SourceQuality "1"]

1. e4 g6 2. d4 Bg7 3. Nc3 d6 4. Be3 a6 5. a4 Nf6 6. h3 0-0 7. Nf3 Nc6 8. Be2 e5 9. 0-0 exd4 10. Nxd4 Bd7 11. f4 Nxe4 12. Nxe4 Re8 13. Nxc6 Bxc6 14. Nxd6 Qxd6 15. Bc1 Qb4 16. Kh1 Bxb2 17. Rb1 Qe7 18. Bd3 Bxc1 19. Qxc1 Qe3 20. Kh2 Qxc1 21. Rfxc1 Rad8 22. Rb4 Re3 23. Rf1 f6 24. Rf2 Kg7 25. Kg1 Rd5 26. Rf1 Ra5 27. Kf2 Re7 28. Ra1 b5 29. Ra3 Be8 30. Rc3 bxa4 31. Ra3 Rc5 32. Rb7 g5 33. fxg5 fxg5 34. Ra7 Re6 35. Ra2 Bb5 36. Kf3 h5 37. g3 Kh6 38. Kf2 Kg7 39. Ra8 Rce5 40. Ra7 Rf6+ 0-1

[Event "TUR-chT 1st League"]
[Site "Konya"]
[Date "2018.07.22"]
[Round "9.11"]
[White "Sekerci, Berkin"]
[Black "Kocak, Can"]
[Result "0-1"]
[WhiteElo "1718"]
[BlackElo "1892"]
[PlyCount "108"]
[EventDate "2018.07.16"]
[EventType "team-swiss"]
[EventRounds "9"]
[EventCountry "TUR"]
[SourceTitle "EXT 2019"]
[Source "ChessBase"]
[SourceDate "2018.10.10"]
[SourceVersion "1"]
[SourceVersionDate "2018.10.10"]
[SourceQuality "1"]
[WhiteTeam "Ego Spor"]
[BlackTeam "Aydin Egitim Merkezi"]
[WhiteTeamCountry "TUR"]
[BlackTeamCountry "TUR"]

1. e4 d6 2. d4 Nf6 3. Nc3 g6 4. Nf3 Bg7 5. Be3 0-0 6. h3 c6 7. Bd3 b5 8. a3 Qc7 9. 0-0 Nbd7 10. Qe2 Bb7 11. Bf4 e5 12. dxe5 dxe5 13. Bh2 Rfe8 14. Rad1 Nc5 15. Qe3 Nfd7 16. Ne2 Ne6 17. c3 f6 18. Bb1 c5 19. Qd3 Bc6 20. Qe3 c4 21. Rd2 Qb7 22. Rfd1 Ndc5 23. Ng3 Nb3 24. Re2 Bf8 25. Ree1 Nf4 26. Rf1 Bc5 27. Qe1 Rad8 28. Nd2 Na5 29. Nf3 Bb6 30. Bc2 Nb3 31. Bxb3 cxb3 32. Nd2 Nd3 33. Qe2 Nxb2 34. Rb1 Rxd2 35. Qxd2 Nc4 36. Qe2 b2 37. Rfd1 Qa6 38. Nf1 Qxa3 39. Nd2 Nd6 40. c4 Bd4 41. Nf3 Bxe4 42. Nxd4 Bxb1 43. Rxb1 bxc4 44. Nb5 Nxb5 45. Qxc4+ Kf8 46. Qxb5 Rc8 47. Rf1 Rc1 48. Qb8+ Kg7 49. Qb7+ Kh6 50. Qe4 Rxf1+ 51. Kxf1 Qa1+ 52. Ke2 b1Q 53. Bf4+ exf4 54. Qxf4+ g5 0-1

[Event "TUR-chT 1st League"]
[Site "Konya"]
[Date "2018.07.18"]
[Round "4.8"]
[White "Keskin, Osman Orcun"]
[Black "Kocak, Can"]
[Result "0-1"]
[WhiteElo "1678"]
[BlackElo "1892"]
[PlyCount "68"]
[EventDate "2018.07.16"]
[EventType "team-swiss"]
[EventRounds "9"]
[EventCountry "TUR"]
[SourceTitle "EXT 2019"]
[Source "ChessBase"]
[SourceDate "2018.10.10"]
[SourceVersion "1"]
[SourceVersionDate "2018.10.10"]
[SourceQuality "1"]
[WhiteTeam "Burdurspor Dernegi"]
[BlackTeam "Aydin Egitim Merkezi"]
[WhiteTeamCountry "TUR"]
[BlackTeamCountry "TUR"]

1. d4 Nf6 2. Nf3 g6 3. c4 Bg7 4. Nc3 0-0 5. g3 d6 6. Bg2 Nbd7 7. 0-0 e5 8. d5 a5 9. a3 Nc5 10. Be3 Ng4 11. Bxc5 dxc5 12. h3 Nh6 13. Ne4 b6 14. Nc3 Nf5 15. Nd2 Nd6 16. Nb5 f5 17. Nxd6 Qxd6 18. e4 Ba6 19. a4 Rad8 20. Qc2 Bh6 21. b3 c6 22. Rfd1 cxd5 23. exf5 gxf5 24. Bxd5+ Kh8 25. Nf3 Qf6 26. h4 e4 27. Nh2 Bg7 28. Nf1 Bc8 29. Rab1 Rfe8 30. Ne3 f4 31. Ng2 fxg3 32. fxg3 Qg6 33. h5 Qxg3 34. Bxe4 Be5 0-1

[Event "TUR-chT 1st League"]
[Site "Konya"]
[Date "2018.07.17"]
[Round "3.10"]
[White "Kocak, Can"]
[Black "Yagci, Yusuf Batin"]
[Result "1-0"]
[WhiteElo "1892"]
[BlackElo "1671"]
[PlyCount "113"]
[EventDate "2018.07.16"]
[EventType "team-swiss"]
[EventRounds "9"]
[EventCountry "TUR"]
[SourceTitle "EXT 2019"]
[Source "ChessBase"]
[SourceDate "2018.10.10"]
[SourceVersion "1"]
[SourceVersionDate "2018.10.10"]
[SourceQuality "1"]
[WhiteTeam "Aydin Egitim Merkezi"]
[BlackTeam "Karaman Saglik"]
[WhiteTeamCountry "TUR"]
[BlackTeamCountry "TUR"]

1. e4 c5 2. Nf3 Nc6 3. d4 cxd4 4. Nxd4 Nf6 5. Nc3 e6 6. Ndb5 Bb4 7. a3 Bxc3+ 8. Nxc3 d5 9. exd5 exd5 10. Bd3 d4 11. Ne2 0-0 12. 0-0 a6 13. Bg5 h6 14. Bh4 Re8 15. Qd2 Ne4 16. Bxe4 Qxh4 17. Bxc6 bxc6 18. Qxd4 Qg5 19. Ng3 Be6 20. Rad1 c5 21. Qc3 c4 22. Ne4 Qe7 23. Rd4 Rec8 24. Rfd1 Rab8 25. Nd6 Rc6 26. b3 Rxd6 27. Rxd6 cxb3 28. cxb3 Rxb3 29. Qc5 Kh7 30. h3 Rb5 31. Qe3 Qb7 32. f3 Rg5 33. h4 Rb5 34. a4 Rb4 35. Qd3+ g6 36. Qxa6 Qc7 37. Rxe6 fxe6 38. Qxe6 Rb7 39. Qd6 Qa5 40. Qc6 Qa7+ 41. Kh1 Rc7 42. Qe4 Re7 43. Qc6 Rc7 44. Qb5 Rb7 45. Qc4 Rc7 46. Qd4 Qb7 47. a5 Qa7 48. Qxa7 Rxa7 49. Ra1 Ra6 50. Kh2 Kg7 51. Kg3 Kf6 52. Kf4 Ke6 53. Ke4 g5 54. hxg5 hxg5 55. g4 Kf6 56. Kd5 Kf7 57. Ke5 1-0

[Event "TUR Cup										"]
[Site "Antalya"]
[Date "2018.02.01"]
[Round "8"]
[White "Kocak, Can"]
[Black "Gunay, Mehmet Eren"]
[Result "0-1"]
[WhiteElo "2013"]
[BlackElo "1739"]
[PlyCount "52"]
[EventDate "2018.01.27"]
[EventType "swiss"]
[EventRounds "11"]
[EventCountry "TUR"]
[SourceTitle "CBM 182 Extra"]
[Source "ChessBase"]
[SourceDate "2018.02.23"]
[SourceVersion "1"]
[SourceVersionDate "2018.02.23"]
[SourceQuality "1"]

1. e4 c5 2. Nf3 d6 3. d4 cxd4 4. Nxd4 Nf6 5. Nc3 g6 6. f4 Nc6 7. Nxc6 bxc6 8. e5 Nd7 9. exd6 exd6 10. Be3 Be7 11. Be2 0-0 12. 0-0 d5 13. Na4 Re8 14. Qd2 Nf6 15. Bd3 d4 16. Bf2 c5 17. c3 Qa5 18. Bc2 Bd7 19. b3 Rad8 20. Be1 d3 21. Bd1 Bxa4 22. bxa4 Ne4 23. Qb2 d2 24. Bf2 Bf6 25. Qb5 Qxc3 26. Bb3 Nxf2 0-1

[Event "TUR Cup										"]
[Site "Antalya"]
[Date "2018.01.30"]
[Round "5"]
[White "Ozturk, Efe Hakan"]
[Black "Kocak, Can"]
[Result "1/2-1/2"]
[WhiteElo "1847"]
[BlackElo "2013"]
[PlyCount "180"]
[EventDate "2018.01.27"]
[EventType "swiss"]
[EventRounds "11"]
[EventCountry "TUR"]
[SourceTitle "CBM 182 Extra"]
[Source "ChessBase"]
[SourceDate "2018.02.23"]
[SourceVersion "1"]
[SourceVersionDate "2018.02.23"]
[SourceQuality "1"]

1. d4 d6 2. Nf3 Nf6 3. c4 g6 4. g3 Bg7 5. Bg2 0-0 6. 0-0 Nc6 7. Nc3 e5 8. d5 Ne7 9. e4 Nd7 10. Be3 f5 11. Ng5 Nf6 12. Ne6 Bxe6 13. dxe6 c6 14. Qb3 fxe4 15. Nxe4 Nxe4 16. Bxe4 Qc8 17. Rad1 Qxe6 18. Rxd6 Qc8 19. Rfd1 Nf5 20. c5+ Kh8 21. Rd7 Rb8 22. Bxf5 gxf5 23. Qe6 Qe8 24. Re7 Qh5 25. Rdd7 Rbe8 26. Rxe8 Rxe8 27. Qf7 Qxf7 28. Rxf7 f4 29. gxf4 exf4 30. Rxf4 Kg8 31. b3 Be5 32. Rg4+ Kf7 33. Rh4 Rg8+ 34. Kf1 Rg7 35. h3 Ke6 36. Ke2 Rd7 37. f4 Bf6 38. Rh5 Rg7 39. Kf3 Bc3 40. Ke4 Ke7 41. Rh6 Rf7 42. f5 Bf6 43. h4 Kd7 44. Bg5 Bc3 45. Rd6+ Kc8 46. Rd8+ Kc7 47. Rd3 Bb2 48. b4 Ba1 49. a4 a6 50. Rd6 Bb2 51. Bd8+ Kc8 52. f6 Ba3 53. Ba5 Rf8 54. Kf5 Bb2 55. h5 Bc3 56. Kg5 Be5 57. Re6 Bc3 58. Kh6 Bxf6 59. Kxh7 Kd7 60. Re4 Bc3 61. Kg6 Rf6+ 62. Kg5 Rf8 63. h6 Rg8+ 64. Kh5 Rg1 65. h7 Rh1+ 66. Rh4 Rg1 67. Rg4 Rh1+ 68. Kg6 Rh3 69. Rg5 Rh2 70. Rh5 Rg2+ 71. Kf5 Rf2+ 72. Ke4 Bh8 73. Rf5 Re2+ 74. Kd3 Re7 75. Rh5 Ke6 76. Kc4 Rd7 77. Rh6+ Kf5 78. Rh4 Kg5 79. Rh3 Kg4 80. Rh2 Kg5 81. Rg2+ Kf5 82. Rf2+ Kg6 83. Rh2 Rxh7 84. Rxh7 Kxh7 85. b5 axb5+ 86. axb5 cxb5+ 87. Kxb5 Bd4 88. Kb6 Kg6 89. Bc3 Bxc3 90. Kxb7 Be5 1/2-1/2